00414nam a22001457a 450000500170000000800410001704100120005808200140007010000240008424500400010825000180014826000470016630000290021365000260024220231110064003.0231110b |||||||| |||| 00| 0 eng d aEnglish a346.1 SPI aSpiro, E lEnglish  aLaw of Parent and Child /cE Spiro  aThird Edition aCape Town : bJuta and Company Ltd, c1971 blx, 717 pages ; c26 cm. aLegal practice bLaw